DYNAMICS (PART-2) (Record no. 9360)

MARC details
000 -LEADER
fixed length control field 00425nam a22001697a 4500
003 - CONTROL NUMBER IDENTIFIER
control field SGT
020 ## - INTERNATIONAL STANDARD BOOK NUMBER
International Standard Book Number 9788123912820
082 ## - DEWEY DECIMAL CLASSIFICATION NUMBER
Classification number 620.1,RAM
100 ## - MAIN ENTRY--PERSONAL NAME
Personal name RAMSEY, A. S.
245 ## - TITLE STATEMENT
Title DYNAMICS (PART-2)
250 ## - EDITION STATEMENT
Edition statement 2ND
260 ## - PUBLICATION, DISTRIBUTION, ETC. (IMPRINT)
Place of publication, distribution, etc NEW DELHI
Name of publisher, distributor, etc CBS PUBLISHERS
Year of Publication 2002
300 ## - PAGE DESCRIPTION
No. of Pages 343
650 ## - SUBJECT ADDED ENTRY--TOPICAL TERM
Topical term or geographic name as entry element ENGINEERING MECHANICS MATERIALS
653 ## - KEYWORDS--INDEX TERM
Keyword term CENTRAL ORBITS, KINEMATIOS,VECTORS AND THIR APPLICATIONS
942 ## - ADDED ENTRY ELEMENTS (KOHA)
Source of classification or shelving scheme Dewey Decimal Classification
Koha item type FPS Books
Holdings
Withdrawn status Lost status Source of classification or shelving scheme Damaged status Not for loan Collection code Home library Current library Shelving location Date acquired Vendor Name Cost, normal purchase price SGTU Bill Number Full call number Accession No. (Barcode) Date last seen Bill Date Koha item type Total Checkouts
    Dewey Decimal Classification   Not For Loan SCIENCE SGT Science & Social Sciences Library SGT Science & Social Sciences Library Reference Book 30/06/2016 AHUJA BOOK 250.00 SGTU 6884 620.1,RAM PS1846 30/06/2016   FPS Books  
    Dewey Decimal Classification     SCIENCE SGT Science & Social Sciences Library SGT Science & Social Sciences Library Text Book 30/06/2016 AHUJA BOOK 250.00 SGTU 6884 620.1,RAM PS1847 30/06/2016   FPS Books